Temas para estudios sobre historia del derecho español
Furkejuvvon:
| Váldodahkki: | |
|---|---|
| Materiálatiipa: | Girji |
| Giella: | espánnjágiella |
| Almmustuhtton: |
Madrid
Reus
1947
|
| Fáttát: | |
| Fáddágilkorat: |
Lasit fáddágilkoriid
Eai fáddágilkorat, Lasit vuosttaš fáddágilkora!
|
MARC
| LEADER | 00000nam a2200000 a 4500 | ||
|---|---|---|---|
| 001 | UCM8491 | ||
| 003 | CL-VaPUC | ||
| 008 | 030321e19470000SP |||||||||||||||||spa|d | ||
| 082 | 0 | 4 | |a 340.946 |b CAS |2 21 |
| 100 | 0 | |a Cases, Antonio |e author |9 474561 | |
| 245 | 1 | 0 | |a Temas para estudios sobre historia del derecho español |
| 300 | |a 174 p | ||
| 942 | |c BK | ||
| 945 | |d 20030321 00:00:00 |a rbrito | ||
| 260 | |a Madrid |b Reus |c 1947 | ||
| 650 | 0 | |a Derecho español |9 255291 | |
| 650 | 7 | |a HISTORIA DEL DERECHO ESPAÑOL |2 CL-VaPUC |9 474562 | |
| 651 | 0 | |a España |9 254926 | |
| 583 | |a last modification |c 20030321 00:00:00 |k Rodrigo Vera | ||
| 999 | |c 302991 |d 302989 | ||
| 952 | |0 0 |1 0 |4 0 |6 340_946000000000000_CAS_1947 |7 0 |8 DER_HIS |9 363895 |a BIBDER |b BIBDER |d 2019-11-21 |i 3822419 |l 1 |o 340.946 CAS 1947 |p 3822419 |r 2023-01-25 |s 2020-03-19 |w 2019-11-21 |x Ubicación 4to Piso |y BK |z Estos recursos deben solicitarse con anticipación |k DER | ||